[Event "Madrid-ch Previa-B"]
[Site "Madrid"]
[Date "2025.02.08"]
[Round "4.6"]
[White "Bastos Perez Cuadrado, Carlos"]
[Black "Cabanas Bravo, Juan Andres"]
[Result "0-1"]
[WhiteElo "1822"]
[BlackElo "1931"]
[PlyCount "50"]
[GameId "2144350382629296"]
[EventDate "2025.01.30"]
[EventType "swiss"]
[EventRounds "9"]
[EventCountry "ESP"]

1. e4 e5 2. Nf3 Nc6 3. Bc4 f5 4. d3 Bc5 5. c3 fxe4 6. dxe4 Nf6 7. Nbd2 d6 8. h3 Qe7 9. b4 Bb6 10. a4 a5 11. b5 Nd8 12. Ba3 Nf7 13. Qb3 Rf8 14. Rf1 Bd7 15. O-O-O O-O-O 16. Bd5 Nxd5 17. exd5 Ng5 18. Rde1 Nxf3 19. Nxf3 Bxh3 20. Nxe5 Qg5+ 21. Kb2 Bxg2 22. f4 Qg3 23. Nc4 Bxf1 24. Nxb6+ cxb6 25. Re7 Rxf4 0-1

[Event "Madrid-ch Previa-B"]
[Site "Madrid"]
[Date "2025.02.08"]
[Round "4.7"]
[White "De Vicente Guijarro, Juan"]
[Black "Hurtado Garrido, Reyes"]
[Result "1-0"]
[WhiteElo "1922"]
[BlackElo "1803"]
[PlyCount "43"]
[GameId "2144385505763776"]
[EventDate "2025.01.30"]
[EventType "swiss"]
[EventRounds "9"]
[EventCountry "ESP"]

1. e4 g6 2. d4 d6 3. Nf3 Bg7 4. Be2 c5 5. Nc3 cxd4 6. Nxd4 Nf6 7. O-O Nc6 8. Nb3 O-O 9. Re1 a5 10. a4 Be6 11. Bf1 Ne5 12. h3 Bc4 13. f4 Bxb3 14. fxe5 Bxc2 15. Qxc2 dxe5 16. Be3 Qc7 17. Qb3 Rfc8 18. Rad1 e6 19. Bf2 Nh5 20. Nb5 Qc2 21. Rd8+ Bf8 22. Qxc2 1-0

[Event "Madrid-ch Previa-B"]
[Site "Madrid"]
[Date "2025.02.08"]
[Round "4.8"]
[White "Garcia Tanjala, Marko"]
[Black "Garcia Chacon, David"]
[Result "1-0"]
[WhiteElo "1822"]
[BlackElo "1890"]
[PlyCount "81"]
[GameId "2144401363694039"]
[EventDate "2025.01.30"]
[EventType "swiss"]
[EventRounds "9"]
[EventCountry "ESP"]

1. e4 c5 2. Nf3 Nc6 3. Bb5 e6 4. O-O a6 5. Bxc6 bxc6 6. Re1 Ne7 7. d4 cxd4 8. Qxd4 Ng6 9. c4 Qa5 10. Bd2 Qc5 11. Qxc5 Bxc5 12. b4 Be7 13. Bc3 Nf4 14. a3 O-O 15. g3 Ng6 16. c5 f5 17. exf5 Rxf5 18. Nd4 Rd5 19. Nd2 Bf6 20. Re4 a5 21. Nc4 axb4 22. axb4 Rxa1+ 23. Bxa1 e5 24. Nf3 Ba6 25. Nb6 Rd1+ 26. Re1 Rxe1+ 27. Nxe1 Nf8 28. f3 Kf7 29. Kf2 Ke6 30. Na8 Bc4 31. Nb6 Ba6 32. Ke3 Bd8 33. Nd3 Bxd3 34. Kxd3 Bxb6 35. cxb6 d5 36. f4 e4+ 37. Ke3 Nd7 38. b7 g5 39. Be5 gxf4+ 40. Kxf4 d4 41. Bxd4 1-0

[Event "Madrid-ch Previa-B"]
[Site "Madrid"]
[Date "2025.02.08"]
[Round "4.9"]
[White "Tereso Silva, Luis"]
[Black "Clavero Alarcon, Jose Miguel"]
[Result "0-1"]
[WhiteElo "1890"]
[BlackElo "1822"]
[PlyCount "124"]
[GameId "2144407349490155"]
[EventDate "2025.01.30"]
[EventType "swiss"]
[EventRounds "9"]
[EventCountry "ESP"]

1. d4 Nf6 2. Bg5 c5 3. Bxf6 gxf6 4. d5 Qb6 5. Qc1 Bh6 6. e3 e5 7. c4 f5 8. Qc2 O-O 9. Nc3 d6 10. Rb1 Na6 11. a3 Qd8 12. Nf3 e4 13. Nd2 f4 14. exf4 Bf5 15. Ndxe4 Re8 16. f3 Bxf4 17. Bd3 Bxe4 18. fxe4 Be3 19. Qe2 Qg5 20. Rf1 Re7 21. Rf3 Bf4 22. Kf1 Bxh2 23. Rh3 Be5 24. Kg1 f5 25. Rh5 Qg3 26. Rxf5 Qh2+ 27. Kf2 Qh4+ 28. Ke3 Qh6+ 29. Kf2 Rg7 30. Qf3 Rg3 31. Qxg3+ Bxg3+ 32. Kxg3 Qe3+ 33. Rf3 Qg5+ 34. Kh2 Qh4+ 35. Kg1 Rf8 36. Rbf1 Rxf3 37. Rxf3 Qe1+ 38. Kh2 Qd2 39. Nb5 Qxb2 40. Nxd6 Qe5+ 41. Rg3+ Kf8 42. Nf5 Nb8 43. Kh3 Nd7 44. Rf3 Ke8 45. Bc2 Kd8 46. Rg3 Nf6 47. Ng7 Nh5 48. Ne6+ Ke7 49. Rf3 Nf6 50. Nxc5 Qh5+ 51. Kg3 Qg5+ 52. Kh3 Nh5 53. Ne6 Qh6 54. Kg4 Qg6+ 55. Kh3 Qh6 56. Kg4 Nf6+ 57. Kg3 Qg6+ 58. Kh2 Ng4+ 59. Kh3 Ne5 60. Rb3 Qg4+ 61. Kh2 Qh4+ 62. Rh3 Ng4+ 0-1

[Event "Madrid-ch Previa-B"]
[Site "Madrid"]
[Date "2025.02.08"]
[Round "4.10"]
[White "Fernandez Rodriguez, Juan"]
[Black "Mata Medina, Andres"]
[Result "1/2-1/2"]
[WhiteElo "1818"]
[BlackElo "1871"]
[PlyCount "43"]
[GameId "2144412271231484"]
[EventDate "2025.01.30"]
[EventType "swiss"]
[EventRounds "9"]
[EventCountry "ESP"]

1. d4 d5 2. g3 Nf6 3. Bg2 Bf5 4. Nf3 h6 5. O-O c6 6. Nbd2 e6 7. c4 Nbd7 8. Ne5 Be7 9. Re1 O-O 10. Ndf3 Ne4 11. Nxd7 Qxd7 12. Ne5 Qd8 13. f3 Nf6 14. e4 Bh7 15. b3 Bb4 16. Bd2 Bd6 17. exd5 exd5 18. c5 Bc7 19. Bh3 Re8 20. b4 a5 21. a3 Ra7 22. Qc1 1/2-1/2

[Event "Madrid-ch Previa-B"]
[Site "Madrid"]
[Date "2025.02.08"]
[Round "4.11"]
[White "Godoy Herrera, Carlos"]
[Black "Arce Balluerca, Oscar"]
[Result "1-0"]
[WhiteElo "1806"]
[BlackElo "1842"]
[PlyCount "117"]
[GameId "2144467109355658"]
[EventDate "2025.01.30"]
[EventType "swiss"]
[EventRounds "9"]
[EventCountry "ESP"]

1. d4 f5 2. Nf3 Nf6 3. c4 g6 4. Nc3 Bg7 5. g3 d6 6. Bg2 O-O 7. O-O Nc6 8. Bf4 Nh5 9. e3 h6 10. d5 Ne5 11. Bxe5 dxe5 12. Qc2 g5 13. Rad1 a6 14. c5 Qe8 15. Qe2 f4 16. exf4 exf4 17. Ne5 Rf5 18. Nc4 Rf8 19. Bf3 Nf6 20. g4 h5 21. h3 hxg4 22. hxg4 Nd7 23. Ne4 Qg6 24. Kg2 Ne5 25. Nxe5 Bxe5 26. Rh1 Bd7 27. Nxg5 Qxg5 28. Rh5 Qg7 29. Rxe5 Bxg4 30. Rxe7 Qg6 31. Rh1 Rae8 32. Qe4 Bxf3+ 33. Kxf3 Qxe4+ 34. Rxe4 Rd8 35. Rg1+ Kh7 36. Re7+ Kh6 37. Re6+ Kh5 38. Re5+ Kh6 39. Rg4 b6 40. c6 Rg8 41. Rh4+ Kg6 42. Rxf4 Rh8 43. Ke4 Rh1 44. Rg4+ Kf6 45. Rf5+ Ke7 46. Rg7+ Kd6 47. Rf3 Rh4+ 48. Rf4 Re8+ 49. Kf3 Rh3+ 50. Kg4 Rh2 51. Kg3 Reh8 52. Rd7+ Ke5 53. Rff7 R8h3+ 54. Kg4 Rh4+ 55. Kg5 R4h3 56. f4+ Ke4 57. d6 Rg3+ 58. Kf6 Kd5 59. dxc7+ 1-0

[Event "Madrid-ch Previa-B"]
[Site "Madrid"]
[Date "2025.02.08"]
[Round "4.12"]
[White "Gonzalez Jimenez, Marcos Valero"]
[Black "Rollano Carcajona, Ruben"]
[Result "1-0"]
[WhiteElo "1840"]
[BlackElo "1801"]
[PlyCount "49"]
[GameId "2144469018218674"]
[EventDate "2025.01.30"]
[EventType "swiss"]
[EventRounds "9"]
[EventCountry "ESP"]

1. e4 c6 2. d4 d5 3. exd5 cxd5 4. c4 dxc4 5. Bxc4 Nf6 6. Nc3 a6 7. a3 b5 8. Ba2 g6 9. Be3 Bg7 10. Nf3 O-O 11. h3 Bb7 12. O-O Nbd7 13. Qc2 Rc8 14. Rfd1 Ne4 15. Rac1 Ndf6 16. Ne5 Nd6 17. f3 e6 18. Bg5 Qa5 19. Bxf6 Bxf6 20. Nd7 Bg7 21. Nxf8 Bxf8 22. d5 b4 23. axb4 Qxb4 24. dxe6 fxe6 25. Bxe6+ 1-0

[Event "Madrid-ch Previa-B"]
[Site "Madrid"]
[Date "2025.02.08"]
[Round "4.14"]
[White "Liern Matesanz, Jairo"]
[Black "Pan, Angel Jiaye"]
[Result "1-0"]
[WhiteElo "1923"]
[BlackElo "1653"]
[PlyCount "95"]
[GameId "2144582309216416"]
[EventDate "2025.01.30"]
[EventType "swiss"]
[EventRounds "9"]
[EventCountry "ESP"]

1. d4 d5 2. c4 Nf6 3. Nc3 Bf5 4. Qb3 b6 5. cxd5 g6 6. f3 Bg7 7. e4 Bc8 8. Be3 O-O 9. Bc4 Bb7 10. Nge2 c6 11. dxc6 Nxc6 12. Bd3 e5 13. d5 Ne7 14. O-O Nc8 15. Rac1 Nd6 16. Bg5 h6 17. Bh4 g5 18. Be1 Nh5 19. Nb5 Nf4 20. Nxd6 Nxd3 21. Qxd3 Qxd6 22. Ng3 Rfc8 23. Nf5 Qf6 24. Bb4 a5 25. Ne7+ Kh8 26. Nxc8 axb4 27. d6 Ba6 28. Qd5 Rxc8 29. Rxc8+ Bxc8 30. d7 Bxd7 31. Qxd7 Bf8 32. g3 Kg7 33. Kg2 Qd6 34. Qxd6 Bxd6 35. Rd1 Bc5 36. Rd5 f6 37. g4 Bd4 38. b3 Kf7 39. Kf1 Ke7 40. Ke2 Bg1 41. h3 Bd4 42. Kd3 Bc5 43. Kc4 Ke6 44. Rxc5 bxc5 45. Kxc5 f5 46. gxf5+ Kf6 47. Kxb4 h5 48. a4 1-0

[Event "Madrid-ch Previa-B"]
[Site "Madrid"]
[Date "2025.02.08"]
[Round "4.15"]
[White "Baeza Escudero, Javier"]
[Black "Castro Contreras, Bruno"]
[Result "1-0"]
[WhiteElo "1974"]
[BlackElo "1731"]
[PlyCount "28"]
[GameId "2144585410150578"]
[EventDate "2025.01.30"]
[EventType "swiss"]
[EventRounds "9"]
[EventCountry "ESP"]

1. e4 c5 2. Nc3 Nc6 3. Bb5 d6 4. Bxc6+ bxc6 5. f4 e6 6. d3 Nf6 7. Nf3 Qc7 8. O-O Be7 9. Qe1 O-O 10. Qg3 Re8 11. e5 Nd7 12. Ne4 f6 13. Qh3 Kh8 14. Nh4 f5 1-0

[Event "Madrid-ch Previa-B"]
[Site "Madrid"]
[Date "2025.02.08"]
[Round "4.16"]
[White "Martin Cantizano, David"]
[Black "Quiros Florea, Rafael Santiago"]
[Result "1-0"]
[WhiteElo "1900"]
[BlackElo "1660"]
[PlyCount "61"]
[GameId "2144585928540391"]
[EventDate "2025.01.30"]
[EventType "swiss"]
[EventRounds "9"]
[EventCountry "ESP"]

1. e4 c5 2. Ne2 d6 3. Nbc3 Nf6 4. d4 cxd4 5. Nxd4 a6 6. h3 e5 7. Nde2 Be6 8. g4 Be7 9. Bg2 O-O 10. Ng3 Nc6 11. Be3 g6 12. Nd5 Bxd5 13. exd5 Na5 14. Qd3 Rc8 15. b3 b5 16. a4 Qc7 17. axb5 axb5 18. O-O Rb8 19. Ra2 b4 20. Rfa1 Ra8 21. Ra4 Rfb8 22. R1a2 Bd8 23. Qd2 Qb7 24. g5 Nd7 25. Ne4 Bc7 26. Nf6+ Nxf6 27. gxf6 Bb6 28. Bxb6 Qxb6 29. Qh6 Qxf2+ 30. Kxf2 Nxb3 31. Qg7# 1-0

[Event "Madrid-ch Previa-B"]
[Site "Madrid"]
[Date "2025.02.08"]
[Round "4.17"]
[White "Palomo Fernandez, Lorenzo"]
[Black "Blanco Barrios, Aitana"]
[Result "0-1"]
[WhiteElo "1650"]
[BlackElo "1850"]
[PlyCount "63"]
[GameId "2144589298102520"]
[EventDate "2025.01.30"]
[EventType "swiss"]
[EventRounds "9"]
[EventCountry "ESP"]

1. e4 c6 2. Nf3 d5 3. d3 Bg4 4. h3 Bh5 5. g4 Bg6 6. e5 e6 7. h4 h5 8. g5 Nd7 9. d4 Ne7 10. Nc3 a6 11. Ne2 c5 12. Nf4 Be4 13. Bd3 Bxd3 14. Qxd3 g6 15. c3 cxd4 16. cxd4 Rc8 17. Bd2 Nf5 18. O-O Be7 19. Rac1 O-O 20. Rxc8 Qxc8 21. Rc1 Qb8 22. Qc2 Nb6 23. Qc7 Nc4 24. Qxb8 Rxb8 25. Bc3 Rc8 26. Ne2 b5 27. Ng3 Nxh4 28. Nxh4 Bxg5 29. Nxg6 fxg6 30. Rc2 Nxb2 31. Ne2 Na4 32. Kg2 0-1

[Event "Madrid-ch Previa-B"]
[Site "Madrid"]
[Date "2025.02.08"]
[Round "4.18"]
[White "Jolani, Parnian"]
[Black "Fernandez Rodriguez, Diego"]
[Result "1-0"]
[WhiteElo "1847"]
[BlackElo "1614"]
[PlyCount "47"]
[GameId "2144590116745479"]
[EventDate "2025.01.30"]
[EventType "swiss"]
[EventRounds "9"]
[EventCountry "ESP"]

1. Nf3 Nf6 2. c4 g6 3. d4 Bg7 4. Nc3 d5 5. cxd5 Nxd5 6. e4 Nxc3 7. bxc3 Nc6 8. Be2 e6 9. O-O O-O 10. e5 a6 11. Bg5 Qe8 12. Qd2 Ne7 13. Bd3 Bd7 14. Be4 Nc6 15. Bf6 h6 16. Qf4 Kh7 17. h4 Rg8 18. h5 Bxf6 19. exf6 Nd8 20. Ne5 Bc6 21. hxg6+ Rxg6 22. Bxg6+ fxg6 23. f7 Qf8 24. Qf6 1-0

[Event "Madrid-ch Previa-B"]
[Site "Madrid"]
[Date "2025.02.08"]
[Round "4.19"]
[White "Pareja Cerrato, Antonio"]
[Black "Metola Arias, Mario"]
[Result "0-1"]
[WhiteElo "1624"]
[BlackElo "1799"]
[PlyCount "78"]
[GameId "2144590603276566"]
[EventDate "2025.01.30"]
[EventType "swiss"]
[EventRounds "9"]
[EventCountry "ESP"]

1. e4 c5 2. Nf3 d6 3. c3 Nf6 4. Be2 Nc6 5. d4 cxd4 6. cxd4 Nxe4 7. d5 Qa5+ 8. Nc3 Nxc3 9. bxc3 Nd8 10. O-O g6 11. Qb3 Qc7 12. Be3 Bg7 13. Rac1 O-O 14. Nd4 a6 15. c4 e6 16. Bf3 Rb8 17. Ne2 b6 18. Rb1 b5 19. Rfc1 Qe7 20. c5 Nb7 21. c6 Nc5 22. Qa3 exd5 23. Bxd5 Bf5 24. Bxc5 dxc5 25. c7 Qxc7 26. Rxc5 Qe7 27. Re1 Bd3 28. Bf3 b4 29. Qc1 Rfe8 30. Rc7 Qe5 31. Rc5 Qb2 32. Qf4 Bc3 33. Bd5 Bf5 34. Qc7 Rxe2 35. Qxb8+ Kg7 36. Rf1 Rxf2 37. Rd1 Bd4 38. Rxd4 Qxd4 39. Rc1 Rc2+ 0-1

[Event "Madrid-ch Previa-B"]
[Site "Madrid"]
[Date "2025.02.08"]
[Round "4.20"]
[White "Huerta Marroquin, Borja"]
[Black "Senador Gomez Jaen, Julio"]
[Result "1-0"]
[WhiteElo "1596"]
[BlackElo "1796"]
[PlyCount "120"]
[GameId "2144596677537936"]
[EventDate "2025.01.30"]
[EventType "swiss"]
[EventRounds "9"]
[EventCountry "ESP"]

1. e4 c6 2. d4 d5 3. exd5 cxd5 4. c4 Nf6 5. Nc3 e6 6. c5 Be7 7. Nf3 O-O 8. Bd3 b6 9. b4 a5 10. Na4 bxc5 11. bxc5 Nbd7 12. Qe2 Qc7 13. Bg5 Re8 14. Bb5 Ne4 15. Nb6 Rb8 16. Bd2 Nxd2 17. Qxd2 Qxb6 18. cxb6 Bb4 19. Qxb4 axb4 20. Ne5 Nxe5 21. Bxe8 Nd3+ 22. Kd2 Nxf2 23. Bxf7+ Kf8 24. Rhf1 Ne4+ 25. Ke3 Ba6 26. Bxe6+ Bxf1 27. Rxf1+ Nf6 28. Bxd5 Rxb6 29. Bf3 Ra6 30. Rf2 Ra3+ 31. Kf4 Rd3 32. Ke5 Re3+ 33. Kd6 Kg8 34. Rb2 Ne4+ 35. Bxe4 Rxe4 36. Kd5 Re8 37. Kc5 Re4 38. d5 Re5 39. Rd2 Kf8 40. Kxb4 Ke7 41. Kc5 Kd7 42. a4 Re1 43. Rd4 Re2 44. a5 Rxg2 45. a6 Ra2 46. Kb5 Kc7 47. Ra4 Rb2+ 48. Rb4 Rd2 49. Kc5 Ra2 50. d6+ Kd7 51. Rb7+ Kc8 52. d7+ Kd8 53. a7 Ke7 54. d8=Q+ Kxd8 55. Rb8+ Ke7 56. a8=Q Rxa8 57. Rxa8 Kf6 58. Kd4 Kg5 59. Ra7 Kh6 60. Ke4 g5 1-0

[Event "Madrid-ch Previa-B"]
[Site "Madrid"]
[Date "2025.02.08"]
[Round "4.21"]
[White "Caballero Sanchez, Francisco"]
[Black "Gomez Lorenzo, Alvaro 2012"]
[Result "0-1"]
[WhiteElo "1775"]
[BlackElo "1483"]
[PlyCount "46"]
[GameId "2144597968072863"]
[EventDate "2025.01.30"]
[EventType "swiss"]
[EventRounds "9"]
[EventCountry "ESP"]

1. e4 c5 2. Nf3 d6 3. d4 cxd4 4. Nxd4 Nf6 5. Nc3 a6 6. Be2 e5 7. Nb3 Be7 8. Be3 Be6 9. Nd5 Nxd5 10. exd5 Bf5 11. c4 Nd7 12. Qd2 Qc7 13. g4 Bg6 14. h4 f6 15. h5 Bf7 16. g5 f5 17. f4 Nb6 18. Bxb6 Qxb6 19. fxe5 dxe5 20. Qc3 Bb4 21. c5 Bxc3+ 22. bxc3 Qd8 23. d6 Qxg5 0-1

[Event "Madrid-ch Previa-B"]
[Site "Madrid"]
[Date "2025.02.08"]
[Round "4.22"]
[White "Perdiguero Herreros, Alejandro"]
[Black "Garcia Gonzalez, Victor 2012"]
[Result "1-0"]
[WhiteElo "1924"]
[BlackElo "1592"]
[PlyCount "63"]
[GameId "2144598799442096"]
[EventDate "2025.01.30"]
[EventType "swiss"]
[EventRounds "9"]
[EventCountry "ESP"]

1. d4 Nf6 2. c4 g6 3. Nc3 Bg7 4. e4 d6 5. f3 Nbd7 6. Be3 e5 7. Nge2 b6 8. d5 a5 9. Ng3 Ba6 10. Be2 Nc5 11. O-O O-O 12. a3 h5 13. Bg5 Kh7 14. Qc2 Bh6 15. Bxh6 Kxh6 16. f4 h4 17. fxe5 dxe5 18. Nh1 Kg7 19. Nf2 Bc8 20. b4 axb4 21. axb4 Rxa1 22. Rxa1 Nb7 23. Ncd1 Rh8 24. c5 Nh5 25. Nd3 Qg5 26. Bxh5 Rxh5 27. N1f2 h3 28. g3 f5 29. cxb6 f4 30. Qxc7+ Kh6 31. Qxc8 Qf6 32. Ng4+ 1-0

[Event "Madrid-ch Previa-B"]
[Site "Madrid"]
[Date "2025.02.08"]
[Round "4.23"]
[White "Corral Aragon, Juan Maria"]
[Black "Solera Diaz, Manuel"]
[Result "1-0"]
[WhiteElo "1861"]
[BlackElo "1473"]
[PlyCount "137"]
[GameId "2144601082843327"]
[EventDate "2025.01.30"]
[EventType "swiss"]
[EventRounds "9"]
[EventCountry "ESP"]

1. e4 e5 2. Nf3 Nc6 3. Bb5 a6 4. Ba4 Nf6 5. O-O d6 6. Bxc6+ bxc6 7. d4 Bb7 8. dxe5 dxe5 9. Qxd8+ Rxd8 10. Nxe5 Bd6 11. Nf3 O-O 12. e5 Bxe5 13. Nxe5 Rfe8 14. f4 Nd5 15. a3 f6 16. Nd3 a5 17. Nc5 Bc8 18. c4 Ne3 19. Bxe3 Rxe3 20. Nc3 Rd2 21. Rad1 Rxd1 22. Rxd1 Bf5 23. Kf2 Re8 24. b4 Ra8 25. b5 cxb5 26. Nxb5 c6 27. Nc7 Ra7 28. Rd8+ Kf7 29. Ne8 Ke7 30. Rb8 g6 31. h3 g5 32. Ng7 Bg6 33. f5 Bf7 34. Nge6 Kd6 35. Rb7 Rxb7 36. Nxb7+ Ke5 37. g4 a4 38. Nbc5 h5 39. Nd7+ Kd6 40. Nxf6 hxg4 41. hxg4 Bxe6 42. fxe6 Kxe6 43. Nh7 Ke5 44. Kg3 Kd4 45. Nxg5 Kxc4 46. Nf3 Kd3 47. Ne5+ Kc3 48. Nxc6 Kb3 49. g5 Kxa3 50. g6 Kb2 51. Ne5 Kb1 52. Nc4 Ka2 53. g7 Kb3 54. g8=Q a3 55. Nd2+ Kc2 56. Qa2+ Kd3 57. Nb1 Ke4 58. Kf2 Kd3 59. Qd2+ Ke4 60. Nc3+ Kf5 61. Qd4 a2 62. Nxa2 Kg5 63. Qe4 Kf6 64. Kf3 Kg5 65. Ke3 Kf6 66. Kf4 Kg7 67. Kg5 Kh8 68. Kg6 Kg8 69. Qe8# 1-0

[Event "Madrid-ch Previa-B"]
[Site "Madrid"]
[Date "2025.02.08"]
[Round "4.24"]
[White "Alberca Sanchez, Jose Miguel"]
[Black "Fernandez Kalinov, Rodrigo"]
[Result "0-1"]
[WhiteElo "1572"]
[BlackElo "1715"]
[PlyCount "92"]
[GameId "2144661787652208"]
[EventDate "2025.01.30"]
[EventType "swiss"]
[EventRounds "9"]
[EventCountry "ESP"]

1. e4 c5 2. Nf3 Nc6 3. Bb5 Nf6 4. Qe2 e6 5. c3 d5 6. e5 Nd7 7. Bxc6 bxc6 8. d4 cxd4 9. cxd4 Qb6 10. Nbd2 Ba6 11. Qe3 c5 12. Nb3 cxd4 13. Nfxd4 Nc5 14. f3 Nd3+ 15. Kd1 Be7 16. h4 Rc8 17. g4 h6 18. f4 Bc4 19. Rh2 a5 20. Nd2 Nxb2+ 21. Bxb2 Qxb2 22. Rb1 Qxa2 23. Nc2 Ba6 24. Qb3 Qxb3 25. Rxb3 O-O 26. g5 h5 27. Rb6 Bd3 28. Nb3 a4 29. Nc1 Bxc2+ 30. Rxc2 Rxc2 31. Kxc2 Rc8+ 32. Kd2 Rc4 33. Nd3 a3 34. Rb8+ Kh7 35. Ra8 Kg6 36. Ra7 Bb4+ 37. Ke3 Re4+ 38. Kf3 f6 39. Nxb4 Rxb4 40. gxf6 gxf6 41. exf6 Rb3+ 42. Kg2 Kxf6 43. Ra4 Kf5 44. Ra6 Kg4 45. Rxe6 Rb2+ 46. Kh1 a2 0-1

[Event "Madrid-ch Previa-B"]
[Site "Madrid"]
[Date "2025.02.08"]
[Round "4.25"]
[White "Gallardo Moreno, Alberto"]
[Black "Neill, Christopher John"]
[Result "1/2-1/2"]
[WhiteElo "1656"]
[BlackElo "1557"]
[PlyCount "128"]
[GameId "2144665654972559"]
[EventDate "2025.01.30"]
[EventType "swiss"]
[EventRounds "9"]
[EventCountry "ESP"]

1. e4 Nc6 2. Nf3 g6 3. d4 Bg7 4. Bc4 Na5 5. Bd3 d6 6. Be3 Nf6 7. c3 O-O 8. e5 Nd5 9. Qd2 Nxe3 10. Qxe3 Nc6 11. exd6 exd6 12. O-O Re8 13. Qf4 Ne7 14. Bc4 d5 15. Bd3 Nf5 16. Qc1 Bh6 17. Qd1 Nd6 18. Nbd2 Nf5 19. Re1 Rxe1+ 20. Qxe1 Be6 21. Nb3 b6 22. Ne5 Qd6 23. Nd2 Bf4 24. Ndf3 f6 25. Ng4 Kg7 26. g3 Bh6 27. Nxh6 Nxh6 28. Qd2 Qd7 29. Bf1 Bg4 30. Bg2 Re8 31. Re1 Re6 32. Rxe6 Qxe6 33. Qe1 Kf7 34. Qe3 Qxe3 35. fxe3 c6 36. Nd2 Nf5 37. Kf2 Nd6 38. e4 Be6 39. b3 f5 40. exd5 Bxd5 41. Bxd5+ cxd5 42. Ke3 b5 43. Kd3 Ke6 44. Nf3 h6 45. Ne5 g5 46. c4 bxc4+ 47. bxc4 dxc4+ 48. Nxc4 Nxc4 49. Kxc4 f4 50. d5+ Kd6 51. gxf4 gxf4 52. Kd4 f3 53. Ke3 f2 54. Kxf2 Kxd5 55. Kf3 Ke5 56. Kg4 Kf6 57. Kh5 Kg7 58. a4 a5 59. h4 Kh7 60. Kg4 Kg6 61. h5+ Kf6 62. Kf4 Ke6 63. Kg4 Kf6 64. Kf4 Ke6 1/2-1/2

[Event "Madrid-ch Previa-B"]
[Site "Madrid"]
[Date "2025.02.08"]
[Round "4.30"]
[White "De Pascual Lopez, Javier"]
[Black "Duran Rodriguez, Adriana"]
[Result "1/2-1/2"]
[WhiteElo "1603"]
[BlackElo "1494"]
[PlyCount "118"]
[GameId "2144743110095030"]
[EventDate "2025.01.30"]
[EventType "swiss"]
[EventRounds "9"]
[EventCountry "ESP"]

1. d4 Nf6 2. Bf4 d5 3. e3 c5 4. c3 Nc6 5. Nf3 Qb6 6. Qb3 c4 7. Qxb6 axb6 8. Nbd2 e6 9. Be2 b5 10. O-O b4 11. cxb4 Bxb4 12. a3 Be7 13. h3 O-O 14. Ne5 Nxe5 15. Bxe5 Nd7 16. Bh2 b5 17. e4 Bb7 18. exd5 Bxd5 19. Rfc1 Bf6 20. Nf3 Rac8 21. Bd6 Rfd8 22. Ne5 Nb6 23. Bb4 Bg5 24. Rd1 Na4 25. Bc3 Be4 26. Nf3 Bf6 27. g4 Rd5 28. Nd2 Nxc3 29. bxc3 Bd3 30. Bxd3 cxd3 31. Ne4 Be7 32. Rxd3 f5 33. gxf5 Rxf5 34. Ng3 Rg5 35. Kf1 h5 36. f4 Rf8 37. Rf3 Bd6 38. Ne4 Rd5 39. Nxd6 Rxd6 40. Rb1 Rd5 41. Ke2 Ra8 42. Ra1 Kf7 43. Re3 Kf6 44. Re5 Rxe5+ 45. fxe5+ Kf5 46. Kf3 Rc8 47. Rc1 Ra8 48. Kg3 Rxa3 49. Rf1+ Kg6 50. Rf3 h4+ 51. Kf4 Kh6 52. Ke4 Kg5 53. d5 Ra4+ 54. Kd3 exd5 55. Rf7 Re4 56. Rxg7+ Kf5 57. Rb7 Kxe5 58. Rxb5 Rf4 59. Ke3 Re4+ 1/2-1/2

[Event "Madrid-ch Previa-B"]
[Site "Madrid"]
[Date "2025.02.14"]
[Round "5.1"]
[White "Calderon Rojo, Borja"]
[Black "Lorenzo Martin, Hector"]
[Result "1-0"]
[WhiteElo "1887"]
[BlackElo "1981"]
[PlyCount "165"]
[GameId "2145317607481622"]
[EventDate "2025.01.30"]
[EventType "swiss"]
[EventRounds "9"]
[EventCountry "ESP"]

1. e4 e6 2. d4 d5 3. Nd2 c5 4. exd5 Qxd5 5. Ngf3 cxd4 6. Bc4 Qd6 7. O-O Nf6 8. Nb3 Nc6 9. Nbxd4 Bd7 10. Nb5 Qxd1 11. Rxd1 Rc8 12. Bf4 a6 13. Nc7+ Kd8 14. Ng5 Rxc7 15. Nxf7+ Ke8 16. Nxh8 Rc8 17. c3 Bc5 18. Bd3 Ke7 19. Ng6+ hxg6 20. Bxg6 Be8 21. Bc2 Rd8 22. Rxd8 Nxd8 23. Rd1 Nf7 24. Re1 Bc6 25. Be3 Bd6 26. h3 Nd5 27. Bc1 Nf4 28. Bxf4 Bxf4 29. Be4 Bxe4 30. Rxe4 Bc1 31. b3 Nd6 32. Rg4 Kf6 33. Rd4 Ke7 34. Rg4 Nf5 35. Rc4 Kd7 36. g3 Bb2 37. Kg2 Nd6 38. Rc5 b6 39. Re5 Bxc3 40. Re2 Bf6 41. g4 g5 42. Kg3 e5 43. f3 Nb5 44. Kf2 Nd4 45. Re1 a5 46. Rc1 Be7 47. Ke3 Bc5 48. Ke4 Ke6 49. Rh1 Ne2 50. Rh2 Nc3+ 51. Kd3 Nd5 52. Ke4 Bg1 53. Rg2 Bc5 54. Rh2 Be7 55. Rc2 Nf6+ 56. Kd3 Bc5 57. Rh2 Nd5 58. Ke4 Nf6+ 59. Kd3 Bd6 60. Rh1 Nd5 61. h4 gxh4 62. Rxh4 Bf8 63. Rh8 Bc5 64. Rh6+ Kf7 65. Ke4 Nc3+ 66. Kxe5 Nxa2 67. f4 Nb4 68. g5 Nd3+ 69. Kf5 Kg7 70. Rh3 Nb4 71. Ke6 Nc6 72. f5 Nd4+ 73. Ke5 Nc6+ 74. Ke4 Nd4 75. Ke5 Nc6+ 76. Ke4 Nd4 77. Rd3 Nc6 78. Rd7+ Kf8 79. f6 Ke8 80. Rh7 Nd4 81. g6 Nb5 82. Rh8+ Kd7 83. g7 1-0

[Event "Madrid-ch Previa-B"]
[Site "Madrid"]
[Date "2025.02.14"]
[Round "5.2"]
[White "Galarreta Santana, Javier"]
[Black "Marin Lopez, Juan Jose"]
[Result "1-0"]
[WhiteElo "1865"]
[BlackElo "1907"]
[PlyCount "85"]
[GameId "2145403005309074"]
[EventDate "2025.01.30"]
[EventType "swiss"]
[EventRounds "9"]
[EventCountry "ESP"]

1. e4 Nf6 2. e5 Nd5 3. d4 d6 4. Nf3 g6 5. Bc4 Nb6 6. Bb3 Bg7 7. Ng5 e6 8. Qf3 Qe7 9. Ne4 dxe5 10. dxe5 Qb4+ 11. Bd2 Qe7 12. Bg5 Qb4+ 13. Nbd2 Qa5 14. Nf6+ Kf8 15. O-O-O Nc6 16. Nde4 Nd7 17. Rxd7 Bxd7 18. Nxd7+ Ke8 19. Nef6+ Ke7 20. Rd1 Nxe5 21. Nxe5 Qxe5 22. Nd5+ Kf8 23. Be7+ Ke8 24. Bf6 Bxf6 25. Qxf6 Qxf6 26. Nxf6+ Ke7 27. Ne4 Rhd8 28. c3 h6 29. f3 b6 30. Nf2 Rxd1+ 31. Bxd1 Rd8 32. Kc2 e5 33. g4 Ke6 34. Be2 f5 35. Bd3 Kf6 36. h4 Re8 37. a4 Re7 38. b4 c6 39. Kb3 Rd7 40. Kc4 Ke6 41. h5 fxg4 42. fxg4 gxh5 43. Bf5+ 1-0

[Event "Madrid-ch Previa-B"]
[Site "Madrid"]
[Date "2025.02.14"]
[Round "5.3"]
[White "Tereso Martin, Antonio"]
[Black "Gonzalez Jimenez, Marcos Valero"]
[Result "1-0"]
[WhiteElo "1962"]
[BlackElo "1840"]
[PlyCount "43"]
[GameId "2145404021190817"]
[EventDate "2025.01.30"]
[EventType "swiss"]
[EventRounds "9"]
[EventCountry "ESP"]

1. d4 d5 2. Bf4 Nf6 3. Nc3 e6 4. Nb5 Na6 5. e3 c6 6. Nc3 Nc7 7. Nf3 Be7 8. Bd3 O-O 9. Ne5 Bd7 10. g4 Nfe8 11. Qf3 f6 12. Qh3 f5 13. O-O-O b5 14. Rhg1 a5 15. Rg2 Bf6 16. Nxd7 Qxd7 17. gxf5 a4 18. fxe6 Qxe6 19. Bxh7+ Kf7 20. Bf5 Qe7 21. Qh5+ Kg8 22. Bh7+ 1-0

[Event "Madrid-ch Previa-B"]
[Site "Madrid"]
[Date "2025.02.14"]
[Round "5.4"]
[White "Palomo Monserrat, Lorenzo"]
[Black "Veiga Macias, Rodrigo"]
[Result "1-0"]
[WhiteElo "1949"]
[BlackElo "1832"]
[PlyCount "61"]
[GameId "2145404727021744"]
[EventDate "2025.01.30"]
[EventType "swiss"]
[EventRounds "9"]
[EventCountry "ESP"]

1. d4 d5 2. c4 e6 3. Nc3 a6 4. Nf3 dxc4 5. a4 Bb4 6. e3 Bxc3+ 7. bxc3 Nf6 8. Bxc4 O-O 9. O-O Nbd7 10. Re1 b6 11. e4 Bb7 12. e5 Nd5 13. Qd3 Re8 14. Qe4 c5 15. Bd3 g6 16. Bd2 Nb4 17. Qxb7 Nxd3 18. Re2 Qc8 19. Qe4 c4 20. Qh4 Nf8 21. Bg5 Nd7 22. Qh6 f5 23. exf6 Nxf6 24. Bxf6 Qb7 25. Ne5 Nxe5 26. dxe5 Rf8 27. Rd2 Qc7 28. Rad1 Rf7 29. h4 Re8 30. Rd8 Ref8 31. h5 1-0